00706nam a2200193 a 450000100100000000500170001000800410002704000250006805000210009308200130011410000320012724500560015926000340021530000210024950000990027004900090036995201170037899900170049500002296720200930021912.0780607s1972 sp 000 0 spa d aDO-SdBNPbspacBNPHU00aPQ6325b.A1 1968 ann*bnn*1 aRosa-Nieves, Cesareo.9352213aLa canción de los luceros /cCesareo Rosa-Nieves. aBarcelona :bMorivivi,c1972. a110 p. ;c18 cm. a"Serigrafía documental de un episodio humano en la tradición folklórica de Puerto Rico". aBNGR 001054708MOaGRbGRcCTd2010-11-23iLF1l0onn* nn*p22967-10r2020-06-25w2020-06-25y4ZPréstamo en sala c22464d22464